| 000 | 00645nam a22001577a 4500 | ||
|---|---|---|---|
| 003 | OSt | ||
| 005 | 20151103154604.0 | ||
| 008 | 151103b xxu||||| |||| 00| 0 eng d | ||
| 040 | _cRUA | ||
| 082 | _aFOR MAK 1996 B123 Or.1 | ||
| 100 |
_93285 _aMAK, SONA. |
||
| 245 | _aThe study of the wildlife sources and utilization in north region of tonlesap, សិក្សាប្រភព និង ការប្រើប្រាស់ធនធានសត្វព្រៃនៅភូមិន្ទភាគខាងជើងបឹងទន្លេសាប | ||
| 260 |
_aPhnom Penh _bRUA _c1996 |
||
| 300 |
_a62p. _bill. _c29cm. |
||
| 942 |
_2ddc _cFOR |
||
| 999 |
_c3066 _d3066 |
||